| 000 | 01371cam a2200301 a 4500 | ||
|---|---|---|---|
| 001 | 1655803 | ||
| 005 | 20080307141127.0 | ||
| 008 | 971114s1998 nyua b 001 0 eng | ||
| 010 | _a 97049494 | ||
| 020 | _a0387982655 (alk. paper) | ||
| 040 |
_aDLC _cDLC _dDLC |
||
| 050 | 0 | 0 |
_aTA330 _b.G87 1998 |
| 082 | 0 | 0 |
_a620.00151 _222 _bGUS |
| 100 | 1 |
_aGustafson, Grant B. _97148 |
|
| 245 | 1 | 0 |
_aAnalytical and Computational Methods of Advanced Engineering Mathematics / _bGrant B. Gustafson, Calvin H. Wilcox. |
| 246 | 1 | 8 | _aAdvanced engineering mathematics |
| 260 |
_aNew York : _bSpringer, _cc1998. |
||
| 300 |
_axxii, 729 p. : _bill. ; _c24 cm. |
||
| 490 |
_aTexts in applied mathematics ; _v28 |
||
| 504 | _aIncludes bibliographical references (p. [709]-710) and index. | ||
| 650 | 0 |
_aEngineering mathematics. _97149 |
|
| 700 | 1 |
_aWilcox, Calvin H. _q(Calvin Hayden) _97150 |
|
| 856 | 4 | 2 |
_3Publisher description _uhttp://www.loc.gov/catdir/enhancements/fy0817/97049494-d.html |
| 856 | 4 | 1 |
_3Table of contents only _uhttp://www.loc.gov/catdir/enhancements/fy0817/97049494-t.html |
| 942 |
_2ddc _cBB |
||
| 999 |
_c12089 _d12089 |
||